[Event "Tenerife-chT Segunda"]
[Site "Tenerife"]
[Date "2023.03.04"]
[Round "6.1"]
[White "Barbero Alsina, Hugo"]
[Black "Perez Martin, Nicanor"]
[Result "1/2-1/2"]
[WhiteElo "1130"]
[BlackElo "1548"]
[PlyCount "115"]
[EventDate "2023.01.14"]
[EventType "team-tourn"]
[EventRounds "14"]
[EventCountry "ESP"]
[SourceTitle "EXT 2024"]
[Source "ChessBase"]
[SourceDate "2023.10.10"]
[SourceVersion "1"]
[SourceVersionDate "2023.10.10"]
[SourceQuality "1"]
[WhiteTeam "Fundacion La Caja de Canarias II"]
[BlackTeam "La Victoria 94 II"]
[WhiteTeamCountry "ESP"]
[BlackTeamCountry "ESP"]

1. Nf3 d5 2. b3 Nf6 3. Bb2 c5 4. e3 Nc6 5. d4 e6 6. Be2 Be7 7. 0-0 cxd4 8. exd4 0-0 9. Nbd2 Bd7 10. a3 a6 11. c4 dxc4 12. bxc4 Na5 13. Ne5 Be8 14. Bf3 Nd7 15. Nxd7 Qxd7 16. Qc2 Rc8 17. Rac1 Qa4 18. Qxa4 Bxa4 19. c5 Bg5 20. Bc3 Bxd2 21. Bxd2 Nb3 22. Rc2 Nxd4 23. Rc3 Nxf3+ 24. Rxf3 Rfd8 25. Bb4 Rd5 26. Rf4 Bc6 27. Re1 e5 28. Rfe4 Re8 29. f4 f5 30. Rxe5 Rexe5 31. Rxe5 Rxe5 32. fxe5 Kf7 33. Ba5 Ke6 34. Bc7 Kd5 35. Bd6 Kc4 36. e6 Kb3 37. e7 a5 38. Kf2 Kc4 39. g3 Kd5 40. Bc7 a4 41. Bb6 g5 42. Ke3 Ke5 43. Bc7+ Kd5 44. Bb6 Be8 45. h4 h6 46. hxg5 hxg5 47. Kd3 Bb5+ 48. Kc2 Ke4 49. Ba5 Kf3 50. Be1 Ke2 51. Bd2 Kf3 52. Bxg5 Kxg3 53. Kd2 f4 54. Ke1 Kg4 55. Bh6 Kf5 56. Kf2 Ke4 57. Bg7 Bc6 58. Bh6 1/2-1/2

[Event "Tenerife-chT Primera"]
[Site "Tenerife"]
[Date "2022.01.29"]
[Round "1.2"]
[White "Perez Garcia, Jimena"]
[Black "Perez Martin, Nicanor"]
[Result "1-0"]
[WhiteElo "1826"]
[BlackElo "1559"]
[PlyCount "69"]
[EventDate "2022.01.29"]
[EventType "team-tourn"]
[EventRounds "14"]
[EventCountry "ESP"]
[SourceTitle "EXT 2024"]
[Source "ChessBase"]
[SourceDate "2023.10.10"]
[SourceVersion "1"]
[SourceVersionDate "2023.10.10"]
[SourceQuality "1"]
[WhiteTeam "Caissa Enroque"]
[BlackTeam "La Victoria 94"]
[WhiteTeamCountry "ESP"]
[BlackTeamCountry "ESP"]

1. d4 Nf6 2. c4 g6 3. Nc3 Bg7 4. e4 d6 5. f3 0-0 6. Bg5 Nbd7 7. Nh3 e5 8. d5 c6 9. Qd2 a5 10. Nf2 Nc5 11. g4 Qc7 12. h4 Ne8 13. h5 f6 14. Be3 g5 15. h6 Bh8 16. Rh5 Qe7 17. Nh1 Bd7 18. Ng3 Rb8 19. Be2 Rf7 20. 0-0-0 Ra8 21. Nf5 Bxf5 22. exf5 Nd7 23. c5 Rd8 24. dxc6 bxc6 25. cxd6 Qf8 26. Bc4 Nb8 27. Ne4 Nd7 28. Nxg5 fxg5 29. Rxg5+ Ng7 30. Qxa5 Nf6 31. hxg7 Bxg7 32. Rxg7+ Kxg7 33. Bxf7 Kxf7 34. Bg5 Rxd6 35. Qc7+ 1-0

[Event "Santa Cruz de Tenerife op 31st"]
[Site "Santa Cruz de Tenerife"]
[Date "2021.12.27"]
[Round "7"]
[White "Diaz Reyes, Iker"]
[Black "Perez Martin, Nicanor"]
[Result "1-0"]
[WhiteElo "1231"]
[BlackElo "1559"]
[PlyCount "91"]
[EventDate "2021.12.14"]
[EventType "swiss"]
[EventRounds "9"]
[EventCountry "ESP"]
[SourceTitle "CBM 206 Extra"]
[Source "ChessBase"]
[SourceDate "2022.03.31"]
[SourceVersion "1"]
[SourceVersionDate "2022.03.31"]
[SourceQuality "1"]

1. e4 Nf6 2. Nc3 d5 3. e5 d4 4. exf6 dxc3 5. bxc3 exf6 6. Nf3 Bc5 7. Bb2 0-0 8. Be2 Nc6 9. 0-0 Be6 10. d4 Bb6 11. c4 Ne7 12. c5 Ba5 13. c4 c6 14. Rb1 b6 15. Ba3 Re8 16. Qa4 b5 17. cxb5 Bxa2 18. Rb2 Bd5 19. Rc1 Rb8 20. Bc4 Bxc4 21. Rxc4 Qc7 22. h3 Rb7 23. bxc6 Rxb2 24. Bxb2 Nxc6 25. d5 Rb8 26. Qxc6 Qxc6 27. dxc6 Rxb2 28. Nd4 Bc7 29. g3 Kf8 30. Nf5 a5 31. Nd6 Rb4 32. Rc2 g6 33. Re2 Rb8 34. Re4 f5 35. Re3 Ra8 36. Nb5 Bd8 37. c7 Bf6 38. Nd6 Be7 39. c8Q+ Rxc8 40. Nxc8 Bxc5 41. Rc3 Bb4 42. Rb3 Ke8 43. Nb6 Kd8 44. Nd5 Bd6 45. Rb2 Kd7 46. Ra2 1-0

[Event "Santa Cruz de Tenerife op 31st"]
[Site "Santa Cruz de Tenerife"]
[Date "2021.12.16"]
[Round "3"]
[White "De la Fuente Arteaga, Pablo"]
[Black "Perez Martin, Nicanor"]
[Result "0-1"]
[WhiteElo "1250"]
[BlackElo "1559"]
[PlyCount "50"]
[EventDate "2021.12.14"]
[EventType "swiss"]
[EventRounds "9"]
[EventCountry "ESP"]
[SourceTitle "CBM 206 Extra"]
[Source "ChessBase"]
[SourceDate "2022.03.31"]
[SourceVersion "1"]
[SourceVersionDate "2022.03.31"]
[SourceQuality "1"]

1. e4 Nf6 2. e5 Nd5 3. c4 Nb6 4. d4 d6 5. f4 dxe5 6. fxe5 Bf5 7. Nf3 Nc6 8. a3 e6 9. Nc3 Be7 10. Be3 a5 11. Be2 a4 12. b3 axb3 13. Qxb3 Na5 14. Qa2 Bxa3 15. c5 Bb4 16. Bd2 Nb3 17. cxb6 Rxa2 18. Rxa2 Nxd2 19. bxc7 Nxf3+ 20. Bxf3 Bxc3+ 21. Ke2 Qxc7 22. Ra8+ Ke7 23. Rxh8 Qc4+ 24. Kf2 Qxd4+ 25. Kg3 Qxe5+ 0-1

[Event "Tenerife-chT Primera"]
[Site "Tenerife"]
[Date "2021.10.09"]
[Round "14.3"]
[White "Perez Martin, Nicanor"]
[Black "Diaz Reyes, Killian"]
[Result "0-1"]
[WhiteElo "1556"]
[BlackElo "1808"]
[PlyCount "29"]
[EventDate "2021.02.27"]
[EventType "team-tourn"]
[EventRounds "14"]
[EventCountry "ESP"]
[SourceTitle "EXT 2023"]
[Source "ChessBase"]
[SourceDate "2022.10.05"]
[SourceVersion "1"]
[SourceVersionDate "2022.10.05"]
[SourceQuality "1"]
[WhiteTeam "La Victoria 94"]
[BlackTeam "Fundacion La Caja de Canarias II"]
[WhiteTeamCountry "ESP"]
[BlackTeamCountry "ESP"]

1. d4 d5 2. c4 e6 3. Nc3 Nf6 4. Bg5 Be7 5. Nf3 0-0 6. e3 h6 7. Bh4 Ne4 8. Bxe7 Qxe7 9. Qc2 Nxc3 10. Qxc3 dxc4 11. Bxc4 b6 12. Rc1 Bb7 13. Bb5 Rc8 14. 0-0 Bxf3 15. gxf3 0-1

[Event "Tenerife Verano op"]
[Site "Tenerife"]
[Date "2019.07.29"]
[Round "1"]
[White "Hidalgo Santana, Fernando"]
[Black "Perez Martin, Nicanor"]
[Result "1-0"]
[WhiteElo "2102"]
[BlackElo "1523"]
[PlyCount "49"]
[EventDate "2019.07.29"]
[EventType "swiss"]
[EventRounds "9"]
[EventCountry "ESP"]
[SourceTitle "EXT 2020"]
[Source "ChessBase"]
[SourceDate "2019.10.17"]
[SourceVersion "1"]
[SourceVersionDate "2019.10.17"]
[SourceQuality "1"]

1. g3 d5 2. Bg2 g6 3. f4 Bg7 4. Nf3 Nf6 5. 0-0 c5 6. d3 Nc6 7. c3 0-0 8. Qe1 e5 9. Nxe5 Nxe5 10. fxe5 Ng4 11. d4 cxd4 12. cxd4 Qb6 13. e3 Be6 14. Nc3 Rad8 15. Qe2 f5 16. h3 Nh6 17. Na4 Qc7 18. b3 b6 19. Ba3 Rf7 20. Rac1 Qb8 21. Qb5 Rc7 22. Nc3 Qb7 23. Nxd5 Bxd5 24. Bxd5+ Rxd5 25. Qe8+ 1-0

[Event "Santa Cruz de Tenerife Primavera op"]
[Site "Santa Cruz de Tenerife"]
[Date "2019.03.11"]
[Round "1"]
[White "Perez Martin, Nicanor"]
[Black "Hidalgo Santana, Fernando"]
[Result "0-1"]
[WhiteElo "1536"]
[BlackElo "2116"]
[PlyCount "64"]
[EventDate "2019.03.11"]
[EventType "swiss"]
[EventRounds "9"]
[EventCountry "ESP"]
[SourceTitle "CBM 190 Extra"]
[Source "ChessBase"]
[SourceDate "2019.07.15"]
[SourceVersion "1"]
[SourceVersionDate "2019.07.15"]
[SourceQuality "1"]

1. d4 f5 2. c4 d6 3. Nf3 Nf6 4. Bg5 Nbd7 5. Nc3 g6 6. d5 Bg7 7. Nd4 Ne5 8. Bxf6 Bxf6 9. e4 c5 10. Ne6 Bxe6 11. dxe6 fxe4 12. Nxe4 0-0 13. Be2 Qc8 14. Qd5 Nc6 15. a3 Nd4 16. Bg4 Nc2+ 17. Ke2 Nxa1 18. Rxa1 Qc6 19. Rb1 Qxd5 20. cxd5 b5 21. b3 a5 22. Kd3 Kg7 23. f4 Rfc8 24. Be2 Rab8 25. g4 c4+ 26. Kc2 cxb3+ 27. Kxb3 Bd4 28. Rd1 a4+ 29. Kb4 Rc2 30. Bxb5 Bc5+ 31. Kxa4 Bxa3 32. Kb3 Rb2+ 0-1

[Event "Santa Cruz de Tenerife Autumn op"]
[Site "Santa Cruz de Tenerife"]
[Date "2017.10.25"]
[Round "8"]
[White "Diaz Reyes, Killian"]
[Black "Perez Martin, Nicanor"]
[Result "1-0"]
[WhiteElo "1565"]
[BlackElo "1567"]
[PlyCount "89"]
[EventDate "2017.10.09"]
[EventType "swiss"]
[EventRounds "9"]
[EventCountry "ESP"]
[SourceTitle "CBM 181 Extra"]
[Source "ChessBase"]
[SourceDate "2017.12.12"]
[SourceVersion "1"]
[SourceVersionDate "2017.12.12"]
[SourceQuality "1"]

1. e4 Nf6 2. e5 Nd5 3. d4 d6 4. c4 Nb6 5. exd6 cxd6 6. Bd3 Nc6 7. Ne2 Nb4 8. a3 Nxd3+ 9. Qxd3 g6 10. Ng3 Bg7 11. Be3 Bd7 12. 0-0 Rc8 13. Nd2 0-0 14. Rac1 e6 15. b3 Bc6 16. a4 a5 17. Qc3 Nd7 18. Qd3 b6 19. d5 Ne5 20. Qe2 exd5 21. cxd5 Bxd5 22. Qb5 Be6 23. Bxb6 Qd7 24. Qxd7 Nxd7 25. Bxa5 Nc5 26. Bb4 Nxb3 27. Nxb3 Bxb3 28. Bxd6 Rfd8 29. Rxc8 Rxc8 30. a5 Bc3 31. a6 Bc4 32. a7 Ra8 33. Rb1 Rxa7 34. Rb8+ Kg7 35. Bf8+ Kf6 36. Ne4+ Ke5 37. Nxc3 Ra1+ 38. Rb1 Rxb1+ 39. Nxb1 h5 40. f3 Bd3 41. Nd2 Kf4 42. Kf2 Kf5 43. Ke3 Ba6 44. h3 g5 45. h4 1-0

[Event "Santa Cruz de Tenerife Autumn op"]
[Site "Santa Cruz de Tenerife"]
[Date "2017.10.18"]
[Round "5"]
[White "Perez Fresnedo, Sadiel Barbaro"]
[Black "Perez Martin, Nicanor"]
[Result "1-0"]
[WhiteElo "2004"]
[BlackElo "1567"]
[PlyCount "63"]
[EventDate "2017.10.09"]
[EventType "swiss"]
[EventRounds "9"]
[EventCountry "ESP"]
[SourceTitle "CBM 181 Extra"]
[Source "ChessBase"]
[SourceDate "2017.12.12"]
[SourceVersion "1"]
[SourceVersionDate "2017.12.12"]
[SourceQuality "1"]

1. Nf3 d5 2. g3 Nf6 3. Bg2 g6 4. d3 Bg7 5. Nbd2 c6 6. c3 Nbd7 7. 0-0 0-0 8. e4 e5 9. Qc2 Qc7 10. h3 Nb6 11. Re1 Bd7 12. a4 Nc8 13. a5 Ne7 14. b4 Ne8 15. Ba3 Nd6 16. Rac1 Nb5 17. Bb2 Qc8 18. Kh2 f5 19. exd5 f4 20. c4 fxg3+ 21. fxg3 Nd6 22. Ne4 Nxe4 23. dxe4 cxd5 24. cxd5 Qxc2 25. Rxc2 Rac8 26. Rec1 Ba4 27. Rc7 Rfe8 28. Rxe7 Rxc1 29. Rxe8+ Bxe8 30. Bxc1 Bf8 31. Bd2 Bd6 32. Bc3 1-0

[Event "Santa Cruz de Tenerife Autumn op"]
[Site "Santa Cruz de Tenerife"]
[Date "2017.10.09"]
[Round "1"]
[White "Perez Martin, Nicanor"]
[Black "Fernandez Garcia, Jose Luis"]
[Result "0-1"]
[WhiteElo "1567"]
[BlackElo "2431"]
[PlyCount "46"]
[EventDate "2017.10.09"]
[EventType "swiss"]
[EventRounds "9"]
[EventCountry "ESP"]
[SourceTitle "CBM 181 Extra"]
[Source "ChessBase"]
[SourceDate "2017.12.12"]
[SourceVersion "1"]
[SourceVersionDate "2017.12.12"]
[SourceQuality "1"]

1. d4 Nf6 2. Nf3 g6 3. g3 Bg7 4. Bg2 d5 5. 0-0 c6 6. a4 a5 7. c3 0-0 8. Na3 Bf5 9. Nc2 Be4 10. b3 Nbd7 11. Ba3 Re8 12. Nfe1 e5 13. dxe5 Nxe5 14. Nd4 Bxg2 15. Nxg2 Ne4 16. Qc2 Ng5 17. Nf4 Qc8 18. Kg2 c5 19. Nb5 Qc6 20. f3 Ne6 21. Nxe6 Rxe6 22. Rad1 Rae8 23. Bb2 Ng4 0-1

[Event "Santa Cruz de Tenerife op 26th"]
[Site "Santa Cruz de Tenerife"]
[Date "2015.12.16"]
[Round "2"]
[White "Alvarez Alonso, Alberto"]
[Black "Perez Martin, Nicanor"]
[Result "1-0"]
[WhiteElo "1955"]
[BlackElo "1616"]
[PlyCount "47"]
[EventDate "2015.12.15"]
[EventType "swiss"]
[EventRounds "9"]
[EventCountry "ESP"]
[SourceTitle "CBM 170 Extra"]
[Source "ChessBase"]
[SourceDate "2016.02.25"]
[SourceVersion "1"]
[SourceVersionDate "2016.02.25"]
[SourceQuality "1"]

1. e4 Nf6 2. e5 Nd5 3. d4 c5 4. c4 Nc7 5. d5 d6 6. exd6 Qxd6 7. Nc3 Bf5 8. Nge2 e5 9. Ng3 Bg6 10. h4 f6 11. h5 Bf7 12. Nce4 Qd8 13. Qf3 Nd7 14. Nf5 Nb6 15. h6 g6 16. Ng7+ Kd7 17. Nxf6+ Kc8 18. Ne4 Bg8 19. Bg5 Be7 20. Bxe7 Qxe7 21. d6 Qf7 22. dxc7 Qxf3 23. gxf3 Kxc7 24. Nc3 1-0

[Event "Tenerife Verano op"]
[Site "Tenerife"]
[Date "2015.08.26"]
[Round "8"]
[White "Perez Martin, Nicanor"]
[Black "Sosa Sosa, Jose Manuel"]
[Result "1-0"]
[WhiteElo "1580"]
[BlackElo "1557"]
[PlyCount "95"]
[EventDate "2015.08.10"]
[EventType "swiss"]
[EventRounds "9"]
[EventCountry "ESP"]
[SourceTitle "EXT 2016"]
[Source "ChessBase"]
[SourceDate "2015.10.08"]
[SourceVersion "1"]
[SourceVersionDate "2015.10.08"]
[SourceQuality "1"]

1. d4 Nf6 2. c4 e6 3. Nf3 b6 4. Nc3 Bb4 5. a3 Bxc3+ 6. bxc3 Bb7 7. Bg5 h6 8. Bh4 d6 9. e3 g5 10. Bg3 Qe7 11. Qc2 Nbd7 12. h3 Ne4 13. Bh2 f5 14. Be2 g4 15. hxg4 fxg4 16. Nd2 Ndf6 17. Nxe4 Bxe4 18. Qa4+ Qd7 19. Qxd7+ Kxd7 20. f3 gxf3 21. gxf3 Bb7 22. Bf4 h5 23. Kd2 Rag8 24. Rhg1 Ke8 25. e4 Kf7 26. a4 a5 27. e5 Ne8 28. Rxg8 Rxg8 29. Rh1 Rg2 30. Ke3 Kg6 31. Bd3+ Kf7 32. Rxh5 Bc6 33. Rh7+ Rg7 34. Rxg7+ Kxg7 35. Bc2 Kf7 36. Bb3 Kg6 37. d5 Bd7 38. Ke4 dxe5 39. Bxe5 Kh5 40. Kd4 Nd6 41. c5 Nf5+ 42. Ke4 exd5+ 43. Bxd5 c6 44. Bf7+ Kg5 45. cxb6 c5 46. f4+ Kg4 47. Kd5 Ne7+ 48. Kxc5 1-0

[Event "Tenerife Verano op"]
[Site "Tenerife"]
[Date "2015.08.10"]
[Round "1"]
[White "Villavicencio Martinez, Adalberto"]
[Black "Perez Martin, Nicanor"]
[Result "1-0"]
[WhiteElo "2316"]
[BlackElo "1580"]
[PlyCount "55"]
[EventDate "2015.08.10"]
[EventType "swiss"]
[EventRounds "9"]
[EventCountry "ESP"]
[SourceTitle "EXT 2016"]
[Source "ChessBase"]
[SourceDate "2015.10.08"]
[SourceVersion "1"]
[SourceVersionDate "2015.10.08"]
[SourceQuality "1"]

1. d4 Nf6 2. Nf3 g6 3. c4 d5 4. cxd5 Nxd5 5. e4 Nb6 6. h3 Bg7 7. Nc3 Nc6 8. Be3 Bd7 9. Qd2 h6 10. Be2 e6 11. 0-0 Qe7 12. Rac1 0-0-0 13. Nb5 Be8 14. a4 a6 15. a5 Na8 16. Na3 Qb4 17. Qxb4 Nxb4 18. Rfd1 Nc6 19. Nc4 f5 20. d5 exd5 21. exd5 Nb4 22. d6 Nc6 23. dxc7 Rxd1+ 24. Rxd1 Nxc7 25. Bf4 g5 26. Bd6 Bf7 27. Nb6+ Kb8 28. Bxc7+ 1-0

[Event "Santa Cruz de Tenerife Primavera op"]
[Site "Santa Cruz de Tenerife"]
[Date "2015.03.23"]
[Round "6"]
[White "Diaz Reyes, Killian"]
[Black "Perez Martin, Nicanor"]
[Result "0-1"]
[WhiteElo "1171"]
[BlackElo "1593"]
[PlyCount "86"]
[EventDate "2015.03.10"]
[EventType "swiss"]
[EventRounds "9"]
[EventCountry "ESP"]
[SourceTitle "CBM 165 Extra"]
[Source "ChessBase"]
[SourceDate "2015.04.21"]
[SourceVersion "1"]
[SourceVersionDate "2015.04.21"]
[SourceQuality "1"]

1. e4 Nf6 2. Nc3 d5 3. e5 d4 4. exf6 dxc3 5. fxg7 cxd2+ 6. Bxd2 Bxg7 7. Qh5 Bxb2 8. Qb5+ c6 9. Qxb2 Rg8 10. Rd1 Qc7 11. Be2 Be6 12. g3 Nd7 13. Qa3 Nf6 14. Bf4 Qb6 15. Be3 Qc7 16. Bxa7 Qc8 17. Qc5 Bd5 18. Nf3 Qe6 19. Nd4 Qh3 20. Bf3 Bxf3 21. Nxf3 Qg2 22. Ke2 Qh3 23. Qd4 Rg4 24. Qd3 Re4+ 25. Be3 Qh5 26. h3 Nd5 27. g4 Qh6 28. c4 Nf4+ 29. Kf1 Nxd3 30. Bxh6 Nb2 31. Nd2 Re6 32. Rb1 Rxa2 33. Bg7 f6 34. g5 Kf7 35. gxf6 exf6 36. Rg1 b6 37. Bh6 f5 38. Bg7 Nd3 39. Bc3 Rc2 40. Rb3 Rc1+ 41. Kg2 Rg6+ 42. Kh2 Rcxg1 43. Bd4 R6g2# 0-1

[Event "Tenerife-chT Segunda"]
[Site "Tenerife"]
[Date "2015.03.07"]
[Round "5.1"]
[White "Bernardez Gonzalez, Roberto"]
[Black "Perez Martin, Nicanor"]
[Result "1/2-1/2"]
[WhiteElo "1449"]
[BlackElo "1570"]
[PlyCount "68"]
[EventDate "2015.01.24"]
[EventType "swiss"]
[EventRounds "13"]
[EventCountry "ESP"]
[SourceTitle "EXT 2024"]
[Source "ChessBase"]
[SourceDate "2023.10.10"]
[SourceVersion "1"]
[SourceVersionDate "2023.10.10"]
[SourceQuality "1"]
[WhiteTeam "Achinet Gambito de Rey II"]
[BlackTeam "Universidad III"]
[WhiteTeamCountry "ESP"]
[BlackTeamCountry "ESP"]

1. d4 Nf6 2. Bf4 g6 3. e3 Bg7 4. Nd2 0-0 5. Be2 d6 6. Ngf3 Nbd7 7. h3 c5 8. c3 b6 9. 0-0 Bb7 10. Qb3 cxd4 11. exd4 Rc8 12. Rfe1 d5 13. Ne5 Nxe5 14. Bxe5 e6 15. a4 a6 16. Qd1 Nd7 17. Bh2 e5 18. dxe5 Bxe5 19. Bxe5 Nxe5 20. Bxa6 Bxa6 21. Rxe5 Qd6 22. Nf3 Bb7 23. Re4 Rfd8 24. Rd4 Qf6 25. Qb3 Re8 26. a5 Ra8 27. Rb4 Re6 28. Nd4 Rd6 29. Re1 Rxa5 30. Ra4 Rc5 31. Ra7 Rd7 32. Re8+ Kg7 33. Qa4 Re7 34. Rxe7 Qxe7 1/2-1/2

[Event "Tenerife-chT Segunda"]
[Site "Tenerife"]
[Date "2015.02.28"]
[Round "4.1"]
[White "Perez Martin, Nicanor"]
[Black "Hernandez Estevez, Andres David"]
[Result "0-1"]
[WhiteElo "1570"]
[BlackElo "1339"]
[PlyCount "61"]
[EventDate "2015.01.24"]
[EventType "swiss"]
[EventRounds "13"]
[EventCountry "ESP"]
[SourceTitle "EXT 2024"]
[Source "ChessBase"]
[SourceDate "2023.10.10"]
[SourceVersion "1"]
[SourceVersionDate "2023.10.10"]
[SourceQuality "1"]
[WhiteTeam "Universidad III"]
[BlackTeam "Casa de Venezuela Escuela II"]
[WhiteTeamCountry "ESP"]
[BlackTeamCountry "ESP"]

1. d4 Nf6 2. c4 c5 3. d5 b5 4. cxb5 a6 5. Nc3 g6 6. e4 d6 7. Nf3 Bg7 8. Be2 0-0 9. 0-0 axb5 10. Bxb5 Nbd7 11. Bc6 Rb8 12. Qc2 Ng4 13. Bf4 Nge5 14. Nxe5 Nxe5 15. Bb5 Ra8 16. a4 Ba6 17. Rfe1 Qc7 18. Bxe5 Bxe5 19. Bc6 Rab8 20. Nb5 Qa5 21. g3 Bb7 22. Bxb7 Rxb7 23. f4 Bg7 24. e5 Qb4 25. Re4 Qa5 26. Rb1 f5 27. Re2 dxe5 28. fxe5 Rd7 29. Qc4 Qa8 30. d6+ e6 31. Qxe6+ 0-1

[Event "Santa Cruz de Tenerife Autumn op"]
[Site "Santa Cruz de Tenerife"]
[Date "2014.11.10"]
[Round "7"]
[White "Perez Martin, Nicanor"]
[Black "Diaz Reyes, Killian"]
[Result "0-1"]
[WhiteElo "1599"]
[BlackElo "1139"]
[PlyCount "68"]
[EventDate "2014.10.27"]
[EventType "swiss"]
[EventRounds "9"]
[EventCountry "ESP"]
[SourceTitle "CBM 163 Extra"]
[Source "ChessBase"]
[SourceDate "2014.12.23"]
[SourceVersion "1"]
[SourceVersionDate "2014.12.23"]
[SourceQuality "1"]

1. d4 d5 2. c4 Nf6 3. Nc3 e6 4. Nf3 Bd6 5. Bg5 Be7 6. e3 Nc6 7. Be2 0-0 8. 0-0 Bd7 9. Rc1 Re8 10. cxd5 exd5 11. Bf4 Be6 12. h3 h6 13. Qb3 Rb8 14. Nb5 Bd6 15. Nxd6 cxd6 16. Bb5 Qc7 17. Qa4 Rbc8 18. Nd2 a6 19. Bd3 Qd7 20. Kh2 Rc7 21. f3 Rec8 22. b4 Qe7 23. Qa3 Nh5 24. Bg3 Nxg3 25. Kxg3 Bd7 26. Rfe1 Re8 27. Qb3 Qg5+ 28. Kf2 Qh4+ 29. Kg1 Nxd4 30. Qxd5 Rxc1 31. Rxc1 Rxe3 32. Bf1 Ne2+ 33. Bxe2 Rxe2 34. Qxd6 Qf2+ 0-1

[Event "Santa Cruz de Tenerife Verano op"]
[Site "Santa Cruz de Tenerife"]
[Date "2014.09.01"]
[Round "4"]
[White "Korneev, Svyatoslav"]
[Black "Perez Martin, Nicanor"]
[Result "1-0"]
[WhiteElo "2102"]
[BlackElo "1588"]
[PlyCount "97"]
[EventDate "2014.08.25"]
[EventType "swiss"]
[EventRounds "9"]
[EventCountry "ESP"]
[SourceTitle "CBM 162 Extra"]
[Source "ChessBase"]
[SourceDate "2014.10.17"]
[SourceVersion "1"]
[SourceVersionDate "2014.10.17"]
[SourceQuality "1"]

1. c4 e5 2. g3 Nc6 3. Bg2 f5 4. Nc3 Nf6 5. Nf3 Bb4 6. Nd5 Bc5 7. 0-0 0-0 8. b4 Bd4 9. Nxd4 Nxd4 10. Bb2 d6 11. e3 Ne6 12. f4 Nd7 13. Qc2 c6 14. Nc3 exf4 15. gxf4 Nf6 16. a3 Ng4 17. Rf3 g6 18. Rg3 Ng7 19. Rf1 Be6 20. Ne2 Nh5 21. Rh3 d5 22. Nd4 Bf7 23. Rxh5 gxh5 24. Nxf5 Bg6 25. Qc3 Qf6 26. Qxf6 Nxf6 27. Ne7+ Kf7 28. Nxg6 hxg6 29. Bxf6 Kxf6 30. cxd5 cxd5 31. Bxd5 Rab8 32. e4 b6 33. Kf2 Rbc8 34. Ke3 Ke7 35. Rg1 Kf6 36. e5+ Kg7 37. Be4 Rg8 38. Bxg6 Kh6 39. f5 Rc4 40. e6 Rg7 41. d4 Rc3+ 42. Ke4 Rxa3 43. d5 Ra2 44. d6 Re2+ 45. Kd5 Rd2+ 46. Ke5 a5 47. bxa5 bxa5 48. Kf6 Rxd6 49. Rg5 1-0

[Event "Tenerife Navidad op 24th"]
[Site "Tenerife"]
[Date "2013.12.19"]
[Round "5"]
[White "Perez Martin, Nicanor"]
[Black "Perez Castro, Victor"]
[Result "1-0"]
[WhiteElo "1613"]
[BlackElo "1238"]
[PlyCount "59"]
[EventDate "2013.12.13"]
[EventType "swiss"]
[EventRounds "9"]
[EventCountry "ESP"]
[SourceTitle "CBM 158 Extra"]
[Source "ChessBase"]
[SourceDate "2014.02.28"]
[SourceVersion "1"]
[SourceVersionDate "2014.02.28"]
[SourceQuality "1"]

1. d4 d5 2. c4 dxc4 3. Nc3 c6 4. a4 Nf6 5. Bf4 e6 6. e4 Bb4 7. e5 Nd5 8. Bd2 c5 9. Ne4 Bxd2+ 10. Qxd2 cxd4 11. Nd6+ Kf8 12. Bxc4 Nc6 13. Nf3 Qa5 14. Qxa5 Nxa5 15. Nxd4 Nxc4 16. Nxc4 Nf4 17. 0-0 b6 18. g3 Nd5 19. Rac1 Ba6 20. Rfd1 g6 21. Nd6 h5 22. Nf3 Be2 23. Rxd5 exd5 24. Ng5 h4 25. Rc7 hxg3 26. fxg3 d4 27. Rxf7+ Kg8 28. Nge4 Rh7 29. Nf6+ Kh8 30. Rxh7# 1-0

[Event "Tenerife Navidad op 24th"]
[Site "Tenerife"]
[Date "2013.12.17"]
[Round "3"]
[White "Perez Martin, Nicanor"]
[Black "Rodriguez Perez, Jose Eulogio"]
[Result "1-0"]
[WhiteElo "1613"]
[BlackElo "1322"]
[PlyCount "55"]
[EventDate "2013.12.13"]
[EventType "swiss"]
[EventRounds "9"]
[EventCountry "ESP"]
[SourceTitle "CBM 158 Extra"]
[Source "ChessBase"]
[SourceDate "2014.02.28"]
[SourceVersion "1"]
[SourceVersionDate "2014.02.28"]
[SourceQuality "1"]

1. d4 Nf6 2. c4 g6 3. Nc3 Bg7 4. e4 0-0 5. f4 e6 6. Nf3 c6 7. e5 Ne8 8. Be2 d6 9. 0-0 Qc7 10. Be3 Bh6 11. Qd2 b6 12. Rac1 a5 13. d5 c5 14. Nb5 Qd7 15. f5 Bxe3+ 16. Qxe3 exf5 17. Rce1 Na6 18. Bd1 Nec7 19. Nxd6 f6 20. Nb5 Nxb5 21. Ba4 Nb4 22. Bxb5 Qg7 23. Qd2 Nxa2 24. e6 Ra7 25. d6 Bxe6 26. Rxe6 Rd8 27. Qd5 Nb4 28. Re8# 1-0

[Event "Tenerife Promocion Agosto 2"]
[Site "Tenerife"]
[Date "2013.09.06"]
[Round "9.3"]
[White "Perez Martin, Nicanor"]
[Black "Gonzalez Martin, Jose"]
[Result "1-0"]
[WhiteElo "1585"]
[BlackElo "1678"]
[PlyCount "41"]
[EventDate "2013.08.19"]
[EventType "tourn"]
[EventRounds "9"]
[EventCountry "ESP"]
[SourceTitle "EXT 2024"]
[Source "ChessBase"]
[SourceDate "2023.10.10"]
[SourceVersion "1"]
[SourceVersionDate "2023.10.10"]
[SourceQuality "1"]

1. d4 Nf6 2. c4 c6 3. Nc3 d5 4. Bf4 e6 5. cxd5 exd5 6. e3 Bd6 7. Bxd6 Qxd6 8. Nf3 0-0 9. Be2 Nbd7 10. 0-0 Ne4 11. Rc1 f5 12. Ne1 Rf6 13. Nd3 Rh6 14. f4 Ndf6 15. Ne5 Ng4 16. Bxg4 fxg4 17. Nxe4 dxe4 18. Nxg4 Rh4 19. f5 Qd5 20. g3 Rh5 21. Nf6+ 1-0